01146naa#a2200217#i#4500001001600000005001700016011001400033100004100047102000700088200021700095210020500312215001000517608004500527675005600572700005800628700005800686700005200744700005600796700004600852856003000898RU\\bibl\12343520260705171335.7##a1994-4683##a20230731b2023####ek#y0rusy0150####ca##aRU1#aИСПОЛЬЗОВАНИЕ БЕГОВОЙ ДОРОЖКИ ВАРИАТИВНОГО ПРОФИЛЯ В СПОРТИВНОЙ СЕКЦИИ ВУЗА ПО ЛЕГКОЙ АТЛЕТИКЕeЖурнальная статья1#aМоскваcНациональный государственный Университет физической культуры, спорта и здоровья им. П.Ф. Лесгафтаd2023##a3 с.##aЖурнальная статья2local##aЛегкая атлетика в целом. 796.42#1aШвачунgОксана Александровна#1aФроловаgСветлана Викторовна#1aПрытковаgЕлена Сергеевна#1aГвоздевскихgЮрий Сергеевич#1aЕжоваgАлла Витальевна4#auchzapiski.lesgaft.spb.ru